16 Villes d'Europe en M et en images - Statistiques

Statistiques générales
  • Ce quiz a été pris 104 fois
  • Le résultat moyen est 10 sur 16
Statistiques - réponses
Par images Hint Réponse % Correct
Italie Milan
99%
Espagne Madrid
98%
France Marseille
97%
Russie Moscou
91%
Principauté Monaco
89%
Allemagne Munich
89%
Royaume-Uni Manchester
85%
Biélorussie Minsk
77%
Suède Malmö
64%
France Metz
39%
Belgique Mons
33%
Pays-Bas Maastricht
28%
Suisse Montreux
26%
Bosnie-Herzégovine Mostar
22%
Italie Messine
19%
Grèce Mégare
2%
Aucun quiz correspondant
Distribution des résultats
% des personnes avec chaque résultat
Percentile par nombre de réponses
Votre historique - résultats
Vous n’avez pas pris ce quiz